<?xml version="1.0" encoding="UTF-8"?>
<collection xmlns="http://www.loc.gov/MARC21/slim">
<record>
  <controlfield tag="001">2600</controlfield>
  <controlfield tag="005">20160701171707.0</controlfield>
  <datafield tag="037" ind1=" " ind2=" ">
    <subfield code="a">ASTROimport-757</subfield>
  </datafield>
  <datafield tag="100" ind1=" " ind2=" ">
    <subfield code="a">Lampens, P.</subfield>
  </datafield>
  <datafield tag="260" ind1=" " ind2=" ">
    <subfield code="c">2007</subfield>
  </datafield>
  <datafield tag="245" ind1=" " ind2=" ">
    <subfield code="a">Spectral disentangling and combined orbital solution for the Hyades binary Theta~2~Tau</subfield>
  </datafield>
  <datafield tag="520" ind1=" " ind2=" ">
    <subfield code="a">Theta~2~Tau is a detached, "single-lined" binary and the most massive resolved spectroscopic binary of the Hyades cluster. It also shows a complex pattern of pulsations of type Delta Scuti. Its eccentric orbit (e=0.7) has a periodicity of 140.7 days. Component~B is very difficult to detect spectroscopically. For this reason, the few radial velocities published in the literature are inaccurate. From recent high-resolution spectroscopic data obtained with the ELODIE spectrograph at the OHP (France), we derived accurate radial velocities for *both* components applying a spectral disentangling algorithm (by P. Hadrava, 1999). We then combined these measurements with available very-large baseline interferometric data in order to improve the knowledge of the orbital parameters and derived fundamental properties in a self-consistent way. Such determination is also very pertinent to revisit the evolutionary status of both components. </subfield>
  </datafield>
  <datafield tag="700" ind1=" " ind2=" ">
    <subfield code="a"> Frémat, Y.</subfield>
  </datafield>
  <datafield tag="700" ind1=" " ind2=" ">
    <subfield code="a"> De Cat, P.</subfield>
  </datafield>
  <datafield tag="700" ind1=" " ind2=" ">
    <subfield code="a"> Hensberge, H.</subfield>
  </datafield>
  <datafield tag="773" ind1=" " ind2=" ">
    <subfield code="p">Binary Stars as Critical Tools  Tests in Contemporary Astrophysics</subfield>
    <subfield code="v">240</subfield>
    <subfield code="y">2007</subfield>
    <subfield code="c">213</subfield>
  </datafield>
  <datafield tag="856" ind1="4" ind2="2">
    <subfield code="a">http://esoads.eso.org/abs/2007IAUS..240..213L</subfield>
  </datafield>
  <datafield tag="905" ind1=" " ind2=" ">
    <subfield code="a">published in</subfield>
  </datafield>
  <datafield tag="980" ind1=" " ind2=" ">
    <subfield code="a">NONREF</subfield>
  </datafield>
</record>
</collection>